00636nam a22002177a 450000500170000001000130001702000210003003500130005103700160006404000120008008200160009210000190010824501120012726000430023927000330028230000220031550000200033765000210035765000220037870000180040020170124110025.0 aA-934363 c80.00a817044108 aA-934363 bCen Lib/Ret aDPLbEN a371.42bKAK aKakani , S. L. aGuide to careers and opportunities :cby B. D. Patnaik [and] N. C. Parakhbfor science and other students / aNew DelhibSultan Chand and Sonsc1998 bDelhia23, Daryaganje110002 ax,430p.c20cm(Hb) aIncludes index  aCareers and jobs aDifferent careers aParakh, N. C.